04307nam a2200553Ia 4500001000400000008004100004010000800045041001400053082002300067245020900090260002200299300000700321520000700328630001200335630001500347630001400362630002200376650003000398690001400428700002600442700003500468700003700503901008100540902000600621903003400627904001800661905004200679906000600721907001400727908001400741909005100755910001500806911001000821912001400831913000900845914002400854915001900878916000900897917000900906918001400915919002800929520273900957921000703696922000703703923000603710924001403716942001003730999001303740636241029s9999 xx 000 0 und d a577 aEspañol aUCSD MGP 0014-2013 0aAnálisis de las estrategias de calidad implementadas por el equipo de gestión del Colegio Nuestra Señora de la Altagracia CONSA, Distrito Escolar 15-03, Santo Domingo, D.N., año escolar 2012-2013. aDistrito Nacional a88 a29 aCalidad aEstrategia aGestión aGestión Escolar aPlanificación Educativa aElaborado easesoraTorres, Fanny eautoraPérez Canario, Ofelia eautoraDávila Medina, Carlixta a{"1":"Pérez Canario","2":"Dávila Medina"}b{"1":"Ofelia","2":"Carlixta"} a1 a{"1":"Torres"}b{"1":"Fanny"} aMaestría en aGestión y Planificación Educativa a2 aNO APLICA aNO APLICA aUniversidad Católica de Santo Domingo (UCSD) aNULLbNULL a["1"] aNO APLICA aNULL a01 de Enero de 2013 a04/11/19 03:11 aNULL aNULL aNO APLICA a["28","92","111","201"] aEl propósito general la investigación se basó en el análisis de las estrategias de calidad implementadas por el equipo de gestión del Colegio Nuestra Señora de la Altagracia CONSA, Distrito Escolar 15-03, Santo Domingo D.N. año escolar 2012-2013. Para realizar el análisis de este estudio también se fijó como objetivo: definir el perfil de los miembros del equipo de gestión del centro y determinar los objetivos que deberá tener el equipo de gestión para mejorar la calidad educativa. Busco definir las estrategias para mejorar la calidad de las funciones del equipo frente a los padres, madres y tutores.La investigación utilizo un diseño no experimental y fue de tipo descriptiva. La población estudiada comprendió los miembros del equipo de Nuestra Señora de la Altagracia, CONSA, el cual consta de nueve (9) personas, se tomó una muestra de sesenta y ocho (68) miembros del personal docente, quince (15) miembros del consejo estudiantil, cinco (5) miembros del personal de apoyo, veinticinco (25) padres delegados de curso y dos (2) del personal administrativo, siendo en total ciento veinticuatro (124) personas. A estos se les aplicaron las técnicas de las entrevistas y los cuestionarios.Según los datos arrojados la investigación concluye, que existe un alto nivel de satisfacción del personal docente con el equipo de gestión en cuanto a la gestión administrativa, el acompañamiento, el liderazgo personal y profesional, exigencias académicas y rigurosidad de los procesos. Los rasgos característicos del equipo de gestión de un centro educativo están íntimamente relacionados con las competencias, es decir, con las funciones que se espera desarrollar en el ámbito específico de intervención.Al analizar las estrategias implementadas y sugeridas en la investigación por el equipo de gestión, se perciben algunos niveles de insatisfacción, con miras a la mejora continua.Se recomienda frente a los padres, madres y tutores del CONSA y el equipo de gestión,que deben implementar las siguientes estrategias: diarios reflexivos, reuniones, talleres comunitarios, club de padres entre otras. En relación con el personal docente, el equipo de gestión debe diseñar el programa de acompañamiento con miras a la capacitación el personal docente, para que oriente la formación cognitiva de los estudiantes. En lo referente a la mejora con los estudiantes, el equipo de gestión debe desarrollar las estrategias de creación del programa. Para que el centro funcione como comunidad de aprendizaje, el equipo de gestión debe implementar estrategias de innovación de controles de resultados y efectuar investigaciones de estrategias comunes. a16 a16 a0 aNO APLICA cTesis c577d577